000 00480nam a2200205Ia 4500
005 20240823032930.0
008 240823s9999||||xx |||||||||||||| ||und||
020 _a978-81-203-3852-4
041 _aENGLISH
082 _A624.25 Q2
100 _aJagadeesh T R
245 0 _aDesign of Bridge Structures
250 _a2nd
260 _c2012
_b"PHI,.New "
_aNew Delhi
500 _aYES
650 _aBridge
_bCivil
700 _a Jayaram M A
942 _cBK
999 _c194604
_d194604